Top 5 smartphone brands - Statistics

General Stats
  • This quiz has been taken 34 times
  • The average score is 3 of 5
Answer Stats
Market Share Answer % Correct
18% Apple
100%
20% Samsung
100%
14% Xiaomi
42%
8% OPPO
24%
8% vivo
18%
No matching quizzes found
Score Distribution
Percent of People with Each Score
Percentile by Number Answered
Your Score History
You have not taken this quiz